Personnages historiques par lettre - D - Statistiques

Statistiques générales
  • Ce quiz a été pris 247 fois
  • Le résultat moyen est 13 sur 25
Statistiques - réponses
INDICE RÉPONSE % Correct
Peintre espagnol aux moustaches exubérantes (1904-1989) Salvador Dalí
95%
Roi mérovingien immortalisé dans une comptine (602-638) Dagobert Ier
87%
Philosophe français qui pense donc qui est (1596-1650) René Descartes
87%
Père des Trois Mousquetaires (1802-1870) Alexandre Dumas
86%
Officier français accusé de trahison puis innocenté (1859-1935) Alfred Dreyfus
83%
Encyclopédiste français des Lumières (1713-1784) Denis Diderot
83%
Cinéaste américain, pionnier du cinéma d'animation (1901-1966) Walt Disney
80%
Révolutionnaire français opposé à Robespierre (1759-1794) Georges Jacques Danton
79%
Naturaliste anglais, grand ennemi du créationnisme (1809-1882) Charles Darwin
76%
Peintre de La Liberté guidant le peuple (1798-1863) Eugène Delacroix
70%
Écrivain russe, auteur de Crime et Châtiment (1821-1881) Fiodor Dostoïevski
55%
Auteur français des Lettres de mon moulin (1840-1897) Alphonse Daudet
47%
Grand peintre de la période napoléonienne (1748-1825) Jacques-Louis David
46%
Roi perse vaincu par Alexandre le Grand (380-330 avant J.-C.) Darius III
45%
Acteur américain nommé deux fois à l'oscar du meilleur acteur à titre posthume (1931-1955) James Dean
45%
Compositeur français qui aimait contempler le Clair de Lune (1862-1918) Claude Debussy
41%
Actrice et chanteuse allemande naturalisée américaine, résistante au nazisme (1901-1992) Marlene Dietrich
31%
Fondatrice légendaire et reine de Carthage (879-759 avant J.-C.) Didon
30%
Peintre français, figure majeure de l'impressionnisme (1834-1917) Edgar Degas
29%
Photographe humaniste qui a immortalisé Paris (1912-1994) Robert Doisneau
29%
Pionnier français de la photographie dont un procédé porte le nom (1787-1851) Louis Daguerre
25%
Célèbre sculpteur florentin, considéré comme l'un des plus grands artistes de son temps (1386-1466) Donatello
23%
L'une des grandes figures de la Révolution française (1760-1794) Camille Desmoulins
18%
Corsaire anglais au service d'Élisabeth Ire (1540-1596) Francis Drake
18%
Plasticien français qui a créé le concept des ready-mades (1887-1968) Marcel Duchamp
10%
Aucun quiz correspondant
Distribution des résultats
% des personnes avec chaque résultat
Percentile par nombre de réponses
Votre historique - résultats
Vous n’avez pas pris ce quiz